[Event "Accentus Young Masters Invitational Tou"]
[Site "Winterthur SUI"]
[Date "2008.10.08"]
[Round "6.4"]
[White "Pokazanjev, Nikolai"]
[Black "Schiendorfer, Emanuel"]
[Result "1-0"]
[WhiteElo "2475"]
[BlackElo "2240"]
[PlyCount "95"]
[EventDate "2008.10.03"]
[EventType "team-swiss"]
[EventRounds "9"]
[EventCountry "SUI"]
[EventCategory "4"]
[Source "lmi"]
[SourceDate "2008.10.03"]

1. e4 c5 2. Nf3 d6 3. d4 cxd4 4. Nxd4 Nf6 5. Nc3 a6 6. Be2 e5 7. Nb3 Be7 8. O-O
O-O 9. Re1 Be6 10. Bf3 Nbd7 11. a4 Qc7 12. a5 Nc5 13. Nd2 Bd7 14. Nf1 Ne6 15.
Be3 Bc6 16. Nd5 Bxd5 17. exd5 Nc5 18. c4 Ncd7 19. Be2 Ne8 20. b4 e4 21. Rc1 f5
22. Qd2 Ne5 23. c5 Rf7 24. Bf4 Bf6 25. Ne3 g6 26. Nc4 Nxc4 27. Rxc4 Qd8 28.
Rec1 g5 29. Be3 f4 30. Bd4 dxc5 31. Bxc5 Nd6 32. Bxd6 Qxd6 33. Rxe4 Re7 34.
Rxe7 Bxe7 35. Rc4 Qe5 36. h3 Bd6 37. Bf3 Re8 38. Kh2 Qa1 39. Rc1 Qe5 40. Rb1
Re7 41. Qd3 Kg7 42. b5 axb5 43. Rxb5 Rc7 44. Rb6 Re7 45. Qb5 Qe1 46. Rxd6 Qxf2
47. Re6 Rc7 48. Qb1 1-0

[Event "Accentus Young Masters Invitational Tou"]
[Site "Winterthur SUI"]
[Date "2008.10.08"]
[Round "6.5"]
[White "Nuri, Kambez"]
[Black "Wirig, Anthony"]
[Result "0-1"]
[WhiteElo "2179"]
[BlackElo "2458"]
[PlyCount "48"]
[EventDate "2008.10.03"]
[EventType "team-swiss"]
[EventRounds "9"]
[EventCountry "SUI"]
[EventCategory "4"]
[Source "lmi"]
[SourceDate "2008.10.03"]

1. e4 c5 2. Nf3 Nc6 3. d4 cxd4 4. Nxd4 Qb6 5. Nb3 e6 6. Be3 Qc7 7. Nc3 Nf6 8.
Be2 Bb4 9. O-O Bxc3 10. bxc3 Nxe4 11. Qd3 d5 12. f4 O-O 13. Nc5 Nd6 14. g4 b6
15. Nb3 Ne4 16. Nd2 Bb7 17. Nxe4 dxe4 18. Qxe4 Na5 19. Qb4 Rac8 20. f5 exf5 21.
gxf5 Rfe8 22. Bf4 Rxe2 23. Bxc7 Rg2+ 24. Kh1 Rg6+ 0-1

[Event "Accentus Young Masters Invitational Tou"]
[Site "Winterthur SUI"]
[Date "2008.10.09"]
[Round "7.4"]
[White "Rombaldoni, Axel"]
[Black "Carron, Julien"]
[Result "1/2-1/2"]
[WhiteElo "2334"]
[BlackElo "2414"]
[PlyCount "67"]
[EventDate "2008.10.03"]
[EventType "team-swiss"]
[EventRounds "9"]
[EventCountry "SUI"]
[EventCategory "4"]
[Source "lmi"]
[SourceDate "2008.10.03"]

1. e4 c5 2. Nf3 Nc6 3. d4 cxd4 4. Nxd4 e5 5. Nb5 d6 6. c4 Be7 7. b3 f5 8. Ba3
Nf6 9. Nxd6+ Bxd6 10. Qxd6 Kf7 11. Qxd8 Rxd8 12. Nc3 fxe4 13. h3 Be6 14. Be2
Nd4 15. Bd1 a6 16. O-O b5 17. Re1 bxc4 18. bxc4 Bxc4 19. Nxe4 Nxe4 20. Rxe4 Rd5
21. Rc1 Bxa2 22. f4 exf4 23. Rc7+ Kg8 24. Bb2 Ne6 25. Rc1 Rb5 26. Ba3 h5 27.
Ra1 Bd5 28. Re5 Bc4 29. Rxh5 Rxh5 30. Bxh5 Rd8 31. Rc1 Bb5 32. Be7 Rb8 33. Bg4
Kf7 34. Bd6 1/2-1/2

[Event "Accentus Young Masters Invitational Tou"]
[Site "Winterthur SUI"]
[Date "2008.10.09"]
[Round "7.5"]
[White "Prohaszka, Peter"]
[Black "Verzhansky, Alexander"]
[Result "1/2-1/2"]
[WhiteElo "2502"]
[BlackElo "2346"]
[PlyCount "83"]
[EventDate "2008.10.03"]
[EventType "team-swiss"]
[EventRounds "9"]
[EventCountry "SUI"]
[EventCategory "4"]
[Source "lmi"]
[SourceDate "2008.10.03"]

1. d4 d5 2. c4 c6 3. Nc3 Nf6 4. e3 Bf5 5. cxd5 cxd5 6. Qb3 Bc8 7. Bb5+ Nc6 8.
Nf3 e6 9. Ne5 Bd7 10. Bxc6 Bxc6 11. Bd2 Nd7 12. Nxc6 bxc6 13. Na4 Rb8 14. Qc2
Rc8 15. Rc1 Bd6 16. Qd3 O-O 17. Qa6 Qc7 18. h3 c5 19. dxc5 Nxc5 20. Nxc5 Bxc5
21. b4 Qd6 22. Qb7 Qe7 23. Qa6 Qd6 24. Qxd6 Bxd6 25. Ke2 a6 26. Kd3 f6 27. Rxc8
Rxc8 28. a4 Kf7 29. Rb1 Rb8 30. e4 dxe4+ 31. Kxe4 Ke7 32. g4 g6 33. b5 axb5 34.
axb5 f5+ 35. gxf5 gxf5+ 36. Kd4 Kd7 37. Be3 Ra8 38. b6 f4 39. Bd2 Kc6 40. Ke4
Ra4+ 41. Kf3 Kb7 42. Rb3 1/2-1/2

[Event "Accentus Young Masters Invitational Tou"]
[Site "Winterthur SUI"]
[Date "2008.10.10"]
[Round "8.1"]
[White "Lehmann, Marco"]
[Black "Verzhansky, Alexander"]
[Result "0-1"]
[WhiteElo "2301"]
[BlackElo "2346"]
[PlyCount "58"]
[EventDate "2008.10.03"]
[EventType "team-swiss"]
[EventRounds "9"]
[EventCountry "SUI"]
[EventCategory "4"]
[Source "lmi"]
[SourceDate "2008.10.03"]

1. e4 e6 2. d4 d5 3. Nd2 Nf6 4. e5 Nfd7 5. Bd3 c5 6. c3 Nc6 7. Ne2 cxd4 8. cxd4
f6 9. exf6 Nxf6 10. Nf3 Bd6 11. O-O Qc7 12. Nc3 a6 13. Bg5 O-O 14. Bh4 Nh5 15.
Rc1 g6 16. Bg3 Nxg3 17. hxg3 Qg7 18. Bb1 Bd7 19. Na4 Be7 20. Nc5 Bf6 21. Bc2
Rae8 22. Nxd7 Qxd7 23. Re1 b5 24. Bb3 Rc8 25. Qd2 Rfe8 26. Rc3 Bd8 27. Qf4 Ba5
28. Ne5 Nxe5 29. Rxc8 Qxc8 0-1

[Event "Accentus Young Masters Invitational Tou"]
[Site "Winterthur SUI"]
[Date "2008.10.10"]
[Round "8.2"]
[White "Carron, Julien"]
[Black "Prohaszka, Peter"]
[Result "0-1"]
[WhiteElo "2414"]
[BlackElo "2502"]
[PlyCount "68"]
[EventDate "2008.10.03"]
[EventType "team-swiss"]
[EventRounds "9"]
[EventCountry "SUI"]
[EventCategory "4"]
[Source "lmi"]
[SourceDate "2008.10.03"]

1. d4 Nf6 2. c4 e6 3. g3 Bb4+ 4. Bd2 Qe7 5. Nc3 Nc6 6. Nf3 Bxc3 7. Bxc3 Ne4 8.
Rc1 O-O 9. Bg2 a5 10. O-O Nxc3 11. Rxc3 d6 12. d5 Nb4 13. a3 Na6 14. dxe6 fxe6
15. h4 h6 16. Nd2 e5 17. Ne4 Be6 18. Qd3 Rad8 19. Qe3 Kh8 20. Qa7 Bc8 21. Qe3
a4 22. Rd1 Qf7 23. Qc1 Bg4 24. Bf3 Bf5 25. Rf1 c6 26. Qd1 d5 27. cxd5 cxd5 28.
Nc5 d4 29. Rc1 Nxc5 30. Rxc5 e4 31. Bg2 d3 32. exd3 exd3 33. Qxa4 d2 34. Rd1
Be6 0-1

[Event "Accentus Young Masters Invitational Tou"]
[Site "Winterthur SUI"]
[Date "2008.10.10"]
[Round "8.3"]
[White "Pokazanjev, Nikolai"]
[Black "Rombaldoni, Axel"]
[Result "1/2-1/2"]
[WhiteElo "2475"]
[BlackElo "2334"]
[PlyCount "80"]
[EventDate "2008.10.03"]
[EventType "team-swiss"]
[EventRounds "9"]
[EventCountry "SUI"]
[EventCategory "4"]
[Source "lmi"]
[SourceDate "2008.10.03"]

1. e4 c5 2. Nf3 Nc6 3. d4 cxd4 4. Nxd4 Nf6 5. Nc3 d6 6. Bg5 e6 7. Qd2 a6 8.
O-O-O Bd7 9. f4 b5 10. Bxf6 gxf6 11. Nxc6 Bxc6 12. Qe1 Ra7 13. Bd3 h5 14. Kb1
b4 15. Ne2 Qb6 16. Qh4 Be7 17. f5 e5 18. Ng3 Qe3 19. Nxh5 Qg5 20. Qxg5 fxg5 21.
Ng3 f6 22. Be2 Rh4 23. Bf3 Kd7 24. h3 Bd8 25. Rhe1 Ke7 26. Nf1 Bb6 27. Nh2 Ra8
28. Ng4 Bc5 29. Rd2 a5 30. Red1 Rd8 31. Rd3 Bb5 32. Rd5 Bc6 33. R5d2 Rf8 34.
Re1 Ra8 35. Rd3 Bb5 36. Rdd1 Bc6 37. Re2 Rd8 38. Red2 Rf8 39. Rh1 Rfh8 40. Re1
Ra8 1/2-1/2

[Event "Accentus Young Masters Invitational Tou"]
[Site "Winterthur SUI"]
[Date "2008.10.10"]
[Round "8.4"]
[White "Nuri, Kambez"]
[Black "Rosenthal, Jonathan"]
[Result "1-0"]
[WhiteElo "2179"]
[BlackElo "2208"]
[PlyCount "61"]
[EventDate "2008.10.03"]
[EventType "team-swiss"]
[EventRounds "9"]
[EventCountry "SUI"]
[EventCategory "4"]
[Source "lmi"]
[SourceDate "2008.10.03"]

1. e4 c5 2. Nf3 Nc6 3. d4 cxd4 4. Nxd4 e5 5. Nb5 a6 6. Nd6+ Bxd6 7. Qxd6 Qf6 8.
Qxf6 Nxf6 9. Nc3 Nb4 10. Bd3 Nxd3+ 11. cxd3 h6 12. a4 d6 13. f4 Bd7 14. Be3 Bc6
15. Kd2 Ng4 16. fxe5 Nxe3 17. Kxe3 dxe5 18. b4 O-O 19. b5 Bd7 20. Rhb1 Rfc8 21.
Nd5 Rc2 22. Rc1 Rxg2 23. Rc7 Bg4 24. d4 axb5 25. a5 Ra7 26. Ne7+ Kh7 27. d5 Ra6
28. Rxb7 Rf6 29. Nf5 g6 30. Rb6 Rxf5 31. exf5 1-0

[Event "Accentus Young Masters Invitational Tou"]
[Site "Winterthur SUI"]
[Date "2008.10.10"]
[Round "8.5"]
[White "Wirig, Anthony"]
[Black "Schiendorfer, Emanuel"]
[Result "1-0"]
[WhiteElo "2458"]
[BlackElo "2240"]
[PlyCount "67"]
[EventDate "2008.10.03"]
[EventType "team-swiss"]
[EventRounds "9"]
[EventCountry "SUI"]
[EventCategory "4"]
[Source "lmi"]
[SourceDate "2008.10.03"]

1. d4 Nf6 2. c4 g6 3. Nc3 Bg7 4. e4 d6 5. Bd3 O-O 6. Nge2 Nfd7 7. O-O Nc6 8.
Be3 e5 9. d5 Nd4 10. Bb1 Nxe2+ 11. Qxe2 a5 12. Bc2 f5 13. exf5 gxf5 14. f3 h5
15. Rad1 h4 16. f4 e4 17. Nb5 Nf6 18. h3 Bd7 19. Nd4 Qe8 20. Bf2 Qg6 21. Bxh4
Rae8 22. Qe3 Nh5 23. Be1 b6 24. Rd2 Kh8 25. Bd1 Nf6 26. Bh4 Rg8 27. Bg5 Bh6 28.
h4 Kg7 29. g4 fxg4 30. f5 Qh5 31. Ne6+ Kh7 32. Rg2 Rc8 33. Qd4 Rxg5 34. hxg5
1-0

[Event "Accentus Young Masters Invitational Tou"]
[Site "Winterthur SUI"]
[Date "2008.10.11"]
[Round "9.2"]
[White "Rosenthal, Jonathan"]
[Black "Wirig, Anthony"]
[Result "1/2-1/2"]
[WhiteElo "2208"]
[BlackElo "2458"]
[PlyCount "75"]
[EventDate "2008.10.03"]
[EventType "team-swiss"]
[EventRounds "9"]
[EventCountry "SUI"]
[EventCategory "4"]
[Source "lmi"]
[SourceDate "2008.10.03"]

1. d4 Nf6 2. c4 e6 3. Nc3 Bb4 4. a3 Bxc3+ 5. bxc3 c5 6. f3 d5 7. cxd5 exd5 8.
e3 Qc7 9. Ra2 cxd4 10. cxd4 Bf5 11. Rf2 Nbd7 12. Bb2 Rc8 13. Bd3 Bxd3 14. Qxd3
O-O 15. Ne2 Qa5+ 16. Nc3 Nb6 17. O-O Nc4 18. Ba1 Qxa3 19. Ra2 Qe7 20. e4 dxe4
21. fxe4 Rfd8 22. Rxa7 Qc7 23. Ra2 Ng4 24. Qh3 Nce3 25. Re1 Ra8 26. Rxe3 Nxe3
27. Qxe3 Rxa2 28. Nxa2 Qa5 29. d5 Ra8 30. d6 Qxa2 31. Bxg7 Qb1+ 32. Kf2 Ra2+
33. Kg3 Qf1 34. Bb2 Rxb2 35. Qg5+ Kf8 36. Qd8+ Kg7 37. Qg5+ Kf8 38. Qd8+
1/2-1/2

[Event "Accentus Young Masters Invitational Tou"]
[Site "Winterthur SUI"]
[Date "2008.10.11"]
[Round "9.3"]
[White "Rombaldoni, Axel"]
[Black "Nuri, Kambez"]
[Result "1-0"]
[WhiteElo "2336"]
[BlackElo "2179"]
[PlyCount "65"]
[EventDate "2008.10.03"]
[EventType "team-swiss"]
[EventRounds "9"]
[EventCountry "SUI"]
[EventCategory "4"]
[Source "lmi"]
[SourceDate "2008.10.03"]

1. e4 c5 2. Na3 Nc6 3. Bb5 e6 4. Nf3 Nge7 5. c3 a6 6. Be2 d5 7. exd5 Nxd5 8.
O-O Nf4 9. d3 Nxe2+ 10. Qxe2 Be7 11. Nc2 O-O 12. a4 Na5 13. Nd2 Bf6 14. Ne4 Nb3
15. Nxf6+ Qxf6 16. Ra3 Nxc1 17. Rxc1 Bd7 18. b4 Rac8 19. bxc5 Rxc5 20. d4 Ra5
21. Rca1 Rc8 22. c4 Qe7 23. c5 Qe8 24. Qc4 b5 25. Qd3 Rxa4 26. Rxa4 bxa4 27.
Qxa6 Bb5 28. Qa5 Qd7 29. Qc3 e5 30. dxe5 Qc6 31. Rd1 h6 32. Ne3 Qxc5 33. Rd8+
1-0

[Event "Accentus Young Masters Invitational Tou"]
[Site "Winterthur SUI"]
[Date "2008.10.11"]
[Round "9.4"]
[White "Prohaszka, Peter"]
[Black "Pokazanjev, Nikolai"]
[Result "1-0"]
[WhiteElo "2502"]
[BlackElo "2475"]
[PlyCount "75"]
[EventDate "2008.10.03"]
[EventType "team-swiss"]
[EventRounds "9"]
[EventCountry "SUI"]
[EventCategory "4"]
[Source "lmi"]
[SourceDate "2008.10.03"]

1. d4 Nf6 2. c4 g6 3. Nc3 Bg7 4. e4 d6 5. Bd3 O-O 6. Nge2 Nc6 7. O-O e5 8. d5
Nd4 9. Bc2 Nd7 10. Be3 Nxc2 11. Qxc2 f5 12. exf5 gxf5 13. f4 e4 14. b4 Nf6 15.
Bd4 Kh8 16. Rac1 Rg8 17. Nd1 Qe8 18. Ne3 Qg6 19. Qd2 a5 20. bxa5 Ng4 21. Nxg4
Qxg4 22. Rc3 Bxd4+ 23. Nxd4 Qg7 24. Rg3 Qf6 25. Rxg8+ Kxg8 26. Rb1 Kf8 27. Nb5
Qg7 28. h3 Ra6 29. Kh2 Ke8 30. Rb3 Kd8 31. Rg3 Qh8 32. Qf2 Bd7 33. Rg5 h6 34.
Qh4 Kc8 35. Rg6 Qd8 36. Qg3 Rxa5 37. Rg8 Be8 38. Qg7 1-0

[Event "Accentus Young Masters Invitational Tou"]
[Site "Winterthur SUI"]
[Date "2008.10.11"]
[Round "9.5"]
[White "Verzhansky, Alexander"]
[Black "Carron, Julien"]
[Result "1/2-1/2"]
[WhiteElo "2346"]
[BlackElo "2414"]
[PlyCount "38"]
[EventDate "2008.10.03"]
[EventType "team-swiss"]
[EventRounds "9"]
[EventCountry "SUI"]
[EventCategory "4"]
[Source "lmi"]
[SourceDate "2008.10.03"]

1. d4 Nf6 2. c4 e6 3. Nc3 Bb4 4. e3 Ne4 5. Qc2 f5 6. Bd3 O-O 7. Nge2 b6 8. O-O
Bxc3 9. Nxc3 Nxc3 10. Qxc3 Bb7 11. Bd2 d6 12. Qc2 Nd7 13. e4 Qh4 14. Rae1 Nf6
15. exf5 Bxg2 16. Kxg2 Qg4+ 17. Kh1 Qf3+ 18. Kg1 Qg4+ 19. Kh1 Qf3+ 1/2-1/2